Fundamentals of Business Mathematics (Record no. 3023)

MARC details
005 - DATE AND TIME OF LATEST TRANSACTION
control field 20250602133208.0
020 ## - INTERNATIONAL STANDARD BOOK NUMBER
International Standard Book Number 978-0-7506-8957-1
082 ## - DEWEY DECIMAL CLASSIFICATION NUMBER
Classification number 510 CIM
111 ## - MAIN ENTRY--MEETING NAME
Meeting name or jurisdiction name as entry element CIMA
245 ## - TITLE STATEMENT
Title Fundamentals of Business Mathematics
260 ## - PUBLICATION, DISTRIBUTION, ETC.
Place of publication, distribution, etc. Amsterdam,
Name of publisher, distributor, etc. Elsevier,
Date of publication, distribution, etc. 2008.
300 ## - PHYSICAL DESCRIPTION
Extent xxiii, 542p.: ill.; figure,
Other physical details index,
Dimensions 29cm.
942 ## - ADDED ENTRY ELEMENTS (KOHA)
Source of classification or shelving scheme Dewey Decimal Classification
Koha item type Books
Holdings
Date last seen Total checkouts Full call number Barcode Cost, replacement price Price effective from Koha item type Lost status Source of classification or shelving scheme Damaged status Not for loan Withdrawn status Home library Current library Shelving location Date acquired Cost, normal purchase price
06/02/2025   510 CIM 00000010634 180000.00 06/02/2025 Books   Dewey Decimal Classification       College of Business Education Main Library College of Business Education Main Library General Collection 08/17/2011 60000.00